Statistics for Banned Geography

Click here to take the quiz!

General Stats

  • This quiz has been taken 59 times
  • The average score is 9 of 15

Answer Stats

HintAnswer% Correct
Country on the Ganges DeltaBangladesh
100%
Thailand's capital, also called Krung ThepBangkok
98%
Cherokee tribe of North CarolinaEastern {Band}
79%
Canada's first national parkBanff
69%
Major internal sea of Indonesia{Banda} Sea
65%
West African capital on the Gambia RiverBanjul
65%
Central African capital on the Ubangi RiverBangui
62%
Word for "port" that comes before Abbas, Lampung, or Seri BegawanBandar
60%
Anglicized name of BengaluruBangalore
60%
General term for the location of the previous three answersRiver {bank}
58%
Main(e) city on the Penobscot RiverBangor
52%
Language family that includes Swahili, Xhosa, and ZuluBantu
48%
Metropolis of West JavaBandung
42%
Popular term for an urbanized corridor of Western EuropeBlue {Banana}
35%
Defining physical landmark of Christchurch, New Zealand{Banks} Peninsula
15%

Score Distribution

Percentile by Number Answered

Percent of People with Each Score

Your Score History

You have not taken this quiz